[Event "Ostersund Storsjodraget op"]
[Site "Ostersund"]
[Date "2024.06.15"]
[Round "5"]
[White "Reinertsen, Edvard"]
[Black "Marklund, Niklas"]
[Result "0-1"]
[WhiteElo "1858"]
[BlackElo "2140"]
[PlyCount "52"]
[EventDate "2024.06.14"]
[EventType "swiss"]
[EventRounds "7"]
[EventCountry "SWE"]
[SourceTitle "CBM 220 Extra"]
[Source "ChessBase"]
[SourceDate "2024.07.31"]
[SourceVersion "1"]
[SourceVersionDate "2024.07.31"]
[SourceQuality "1"]

1. e4 c5 2. Nc3 Nc6 3. Bb5 Nd4 4. Nf3 Nxb5 5. Nxb5 d6 6. d4 Nf6 7. Nc3 cxd4 8. Qxd4 e5 9. Qd3 h6 10. Be3 Be6 11. 0-0-0 a6 12. Nh4 Rc8 13. Nf5 Bxf5 14. exf5 Be7 15. Ne4 Qc7 16. c3 Nxe4 17. Qxe4 0-0 18. Kb1 b5 19. h4 Qc4 20. Qf3 b4 21. cxb4 e4 22. Qf4 Bf6 23. Ka1 Bxb2+ 24. Kxb2 Qxb4+ 25. Ka1 Qc3+ 26. Kb1 Qb4+ 0-1